NFL Top 25 Passing Yards Leaders Since 2020 - Statistics

General Stats
  • This quiz has been taken 280 times
  • The average score is 24 of 25
Answer Stats
# Yds Team(s) Answer % Correct
4 20,839 LAR, DET Jared Goff
100%
5 19,001 CIN Joe Burrow
100%
2 21,271 BUF Josh Allen
100%
3 21,093 LAC Justin Herbert
100%
7 18,784 DET, LAR Matthew Stafford
100%
1 22,940 KC Patrick Mahomes
100%
11 16,006 GB, NYJ Aaron Rodgers
99%
14 15,693 DAL Dak Prescott
99%
6 18,872 MIN, ATL Kirk Cousins
99%
13 15,731 BAL Lamar Jackson
99%
10 16,401 SEA, PIT Russell Wilson
99%
9 17,280 CLE, CAR, LAR, TB Baker Mayfield
98%
25 9,518 SF Brock Purdy
98%
16 14,667 PHI Jalen Hurts
98%
15 15,506 MIA Tua Tagovailoa
98%
8 18,452 LV, NO Derek Carr
97%
19 12,961 SEA Geno Smith
97%
12 15,776 ARI Kyler Murray
97%
17 14,643 TB Tom Brady
97%
18 13,815 JAX Trevor Lawrence
97%
22 11,555 NYG Daniel Jones
96%
23 10,590 NE, JAX Mac Jones
96%
21 11,606 ATL, IND Matt Ryan
92%
20 11,705 TEN Ryan Tannehill
92%
24 10,494 NYJ, CAR, SF, MIN Sam Darnold
92%
No matching quizzes found
Score Distribution
Percent of People with Each Score
Percentile by Number Answered
Your Score History
You have not taken this quiz